Comparison of dissolution pattern of rock phosphates and their evaluation in seedling nurseries of rubber (Record no. 55996)

MARC details
000 -LEADER
fixed length control field 00596nam a2200169Ia 4500
100 ## - MAIN ENTRY--AUTHOR NAME
Personal name Shyamala V K
245 #0 - TITLE STATEMENT
Title Comparison of dissolution pattern of rock phosphates and their evaluation in seedling nurseries of rubber
260 ## - PUBLICATION, DISTRIBUTION, ETC. (IMPRINT)
Name of publisher Proceedings of National Symposium on the use of phosphate rock for sustainable agriculture, April 24-25, 1995. p182-185
650 ## - SUBJECT ADDED ENTRY--TOPICAL TERM
Topical Term Rock phosphate
650 ## - SUBJECT ADDED ENTRY--TOPICAL TERM
Topical Term Seedling nursery
700 ## - ADDED ENTRY--PERSONAL NAME
Personal name Punnoose K I
700 ## - ADDED ENTRY--PERSONAL NAME
Personal name Sudhakumari B
700 ## - ADDED ENTRY--PERSONAL NAME
Personal name Suresh P R
700 ## - ADDED ENTRY--PERSONAL NAME
Personal name Varghese Philip
942 ## - ADDED ENTRY ELEMENTS (KOHA)
Koha item type Journals
Holdings
Withdrawn status Lost status Damaged status Not for loan Home library Current library Shelving location Date acquired Koha item type
      Journals RRII Library RRII Library Soils and agonomy 17/12/2021 Journals